000 02399cam a22005534i 4500
003 PE-LiUPU
005 20250731173045.0
008 170420s2016 oru rb 001 0 eng d
035 _a(Sirsi) i9781625641427
040 _aYDXCP
_bspa
_erda
_cDLC
_dYDXCP
_dBTCTA
_dCBUL
_dYDX
_dOCLCF
_dOCLCO
_dOCLCQ
_dPE-LiUPU
020 _a9781625641427
_q(paperback)
035 _a(OCoLC)951646325
050 0 0 _aBL85
_b.T466 2016
082 0 4 _a201.5
_bT48
_223
049 _aPRUA
100 1 _aThompson, Ross,
_d1953- ,
_eautor.
245 1 4 _aThe interfaith imperative :
_breligion, dialogue, and reality /
_cRoss Thompson.
264 1 _aEugene, Oregon :
_bCascade Books,
_c[2016].
300 _axvi, 254 páginas ;
_c23 centímetros
336 _atext
_2rdacontent
337 _aunmediated
_2rdamedia
338 _avolume
_2rdacarrier
504 _aBibliografía : páginas 241-247.
504 _aBibliografía: páginas 249-254.
505 0 _aReligious dialogue and reality -- Postmodernism: the end of dialogue? -- Do we see the same things? Relativism and reality -- Original dialogue: Trinity and creation -- Interfaith dialogue: theology -- Interfaith dialogue: a model -- Realism and dialogue in postmodern theologies -- Theology as story: postliberalism -- Doing justice: liberation theology -- God above being: is ontotheology a sin? -- Beyond the desert: interreligious illumation -- Transfiguring dialogue.
526 _aSEG42
526 _aSEG41
526 _aSEG40
526 _aSEG39
526 _aP94
526 _aP87
526 _aP86
526 _aP85
526 _aP77
526 _aP76
526 _aP35
526 8 _iPrograma académico :
_5PE-LiUPU
650 4 _aPluralismo religioso
_xCristianismo.
650 4 _aDiál̀ogo
_xAspectos religiosos.
650 4 _aCristianismo y otras religiones.
_91630
650 4 _aReligiones
_xRelaciones.
910 _adbm
_bjpc
_cjpc
_d20171201
942 _2ddc
_cBOOK
949 _a201.5 T48
_wDEWEY
_c1
_i77331
_lCATALOGING
_mBUL
_p19.20
_r0
_sY
_tBOOK
_u2017-12-05
_xPOSGRADO
_PP85
_0DONACION
_o.STAFF. ColecciónTeología
994 _aC0
_bPEPRU
596 _a1
999 _a201.5 T48
_wDEWEY
_c26458
_i77331
_f2021-11-9
_g4
_lCCODEBUL1
_mBUL
_p19.20
_r0
_sY
_tBOOK
_u2017-12-5
_xTEOLOGIA
_PP85
_0COMPRA
_o.STAFF. Colección Teología
_d26458
980 _81
_gALBERTO SANCHEZ Responsable de Automatización